| 000 | 004720000a22001810004500 | ||
|---|---|---|---|
| 003 | MACL | ||
| 005 | 20160109123146.0 | ||
| 008 | 160109b xxu||||| |||| 00| 0 eng d | ||
| 040 |
_aMACL _cMACL |
||
| 041 | _aEnglish | ||
| 082 | _a920/ROY | ||
| 100 |
_aRoy, M N _91410 |
||
| 245 |
_aMaterialism _bAn Outline of The History of Scientific Thought |
||
| 260 |
_bAjanta Publications _c1982 _aDelhi |
||
| 350 | _a110 | ||
| 650 |
_aBiography _930279 |
||
| 942 |
_cBK _k920/ROY _2ddc |
||
| 999 |
_c34182 _d34182 |
||